| 000 | 00667cam a22002531 4500 | ||
|---|---|---|---|
| 001 | sa 67004113 | ||
| 003 | DLC | ||
| 005 | 20260227112344.0 | ||
| 008 | 810619s1967 ii b 000 0 eng | ||
| 010 | _asa 67004113 | ||
| 035 | _a(OCoLC)7517594 | ||
| 040 |
_aDLC _cTM _dDLC |
||
| 042 | _apremarc | ||
| 050 | 0 | 0 |
_aHF3786.5 _b.N3 |
| 082 | _a382.50954 | ||
| 110 | 2 | _aNational Council of Applied Economic Research. | |
| 245 | 1 | 0 | _aMaintenance imports. |
| 260 |
_aNew Delhi _c[1967] |
||
| 300 |
_a146 p. _c24 cm. |
||
| 504 | _aBibliographical footnotes. | ||
| 651 | 0 |
_aIndia _xCommerce. |
|
| 651 | 0 |
_aIndia _xCommercial policy. |
|
| 650 | 0 | _aSubstitute products. | |
| 999 |
_c74274 _d74274 |
||